00888pam a2200289 ia4500001001400000003000400014005001700018008004100035015001400076020002300090020003800113040002900151082001200180100002800192245004900220264005600269264001100325300004500336336002100381337002500402338002300427490004000450500003700490650002000527650001100547830004000558vtls000886025PNM20201215112844.0190919t20202020my ao j 000 0 may  aM20-02187 a9789672157304qset a9789672157359cRM38.16qpaperback aBNMbengcBNMerdadPPAK04a7962230 aMohd. Firdaus,eauthor.10aSukan Tulen Dan Sukan Gunaan /cMohd Firdaus 1aSeri Kembangan, Selangor :bPustaka Kelisa,c[2020] 4c©2020 a48 pages :bcolour photographs ;c30 cm. atext2rdacontent aunmediated2rdamedia avolume2rdacarrier1 aAplikasi Sains Menuju Sukan Olimpik aIncludes questions and exercises10aSports sciences20aSports 0aAplikasi sains menuju sukan olimpik